ბათუმის შოთა რუსთაველის სახელმწიფო უნივერსიტეტის ბიბლიოთეკა

Basic Readings in U.S. Democracy / (ბიბ.ჩანაწერი № 59562)

000 -LEADER
fixed length control field 00548nam a22001577a 4500
005 - DATE AND TIME OF LATEST TRANSACTION
control field 20230315113722.0
008 - FIXED-LENGTH DATA ELEMENTS--GENERAL INFORMATION
fixed length control field 230315s1994 enk||||| |||| 00| 0 eng d
041 ## - LANGUAGE CODE
Language code of text/sound track or separate title eng
080 ## - UNIVERSAL DECIMAL CLASSIFICATION NUMBER
Universal Decimal Classification number 321.7(73) B-29
245 ## - TITLE STATEMENT
Title Basic Readings in U.S. Democracy /
Statement of responsibility, etc. by edited by Melvin I. Urofsky.
264 ## - PRODUCTION, PUBLICATION, DISTRIBUTION, MANUFACTURE, AND COPYRIGHT NOTICE
Place of production, publication, distribution, manufacture Washington :
Name of producer, publisher, distributor, manufacturer United States Information Agency,
Date of production, publication, distribution, manufacture, or copyright notice 1994.
300 ## - PHYSICAL DESCRIPTION
Extent 430 p.;
Other physical details 23 cm.
653 ## - INDEX TERM--UNCONTROLLED
keyword ამერიკული დემოკრატია
700 ## - ADDED ENTRY--PERSONAL NAME
Personal name Urofsky, Melvin I.
Relator term რედაქტორი
9 (RLIN) 17212
942 ## - ADDED ENTRY ELEMENTS (KOHA)
Source of classification or shelving scheme
Koha item type წიგნი
ეგზემპლარები
Withdrawn status Lost status Source of classification or shelving scheme Damaged status Not for loan Permanent Location Current Location Shelving location Date acquired Cost, normal purchase price Full call number Barcode Date last seen Copy number Price effective from Koha item type Public note
          ბათუმის შოთა რუსთაველის სახელმწიფო უნივერსიტეტის მთავარი ბიბლიოთეკა ბათუმის შოთა რუსთაველის სახელმწიფო უნივერსიტეტის მთავარი ბიბლიოთეკა წიგნსაცავი 2023-03-15 10.00 321.7(73) B-29 64036 2023-03-15 64036 2023-03-15 წიგნი 10 ლ.